000 00617nam a2200205Ia 4500
003 GCL
008 140319s9999 xx 000 0 eng d
040 _aGCL /
_cGCL
082 0 4 _a370.19
_bS J
100 1 _aSTEVENS, EDWARD
245 1 0 _aJUSTICE, IDEOLOGY, AND EDUCATION: AN INTRODUCTION TO THE SOCIAL FOUNDATIONS OF EDUCATION /
_cSTEVENS, EDWARD
700 1 _aWOOD, GEORGE H
260 _a[S.N] :
_bMC GRAW - HILL ،
_c1995
300 _a368 P
650 0 4 _aEDUCATIONAL EQUALIZATION
650 0 4 _aEDUCATION - SOCIAL ASPECTS
650 0 4 _aUNITED STATES
650 0 4 _aEDUCATIONAL SOCIOLOGY
942 _2ddc
_cBK
999 _c13199
_d13199